000 01108nam a22002417a 4500
999 _c59531
_d59531
003 Ge_BSU
005 20230310125402.0
008 230310s2003 ge ||||| |||| 00| 0 geo d
020 _a9994010913
041 _ageo
080 _a343.9(075.8) წ-85
100 _aწულაია, ზაურ
_912304
245 _aკრიმინოლოგია :
_b(ზოგადი ნაწილი) /
_cზაურ წულაია ; [რედ.: სოსო პაჭკორია].
264 _aთბილისი :
_bინტელექტი,
_c2003.
300 _a280 გვ. ;
_b20 სმ.
504 _aბიბლიოგრ. ტექსტ. შენიშვნ.
653 _aკრიმინოლოგიის სახელმძღვანელო
653 _aპროფესიული დანაშაულობა
653 _aორგანიზებული დანაშაულობა
653 _aრეციდივი
700 _aპაჭკორია, სოსო
_eრედაქტორი
_917164
942 _2udc
_cBK